El cultivo con tracción animal

Guardado en:
Formato: Libro
Publicado: : Organización de las Naciones Unidas para la ..., 1979
Materias:
Etiquetas: Agregar Etiqueta
Sin Etiquetas, Sea el primero en etiquetar este registro!
LEADER 00744nam a22001935a 4500
001 CEM.cems015594
005 20090915161215.0
008 130507s1979##################000#0#####d
003 CEMS
020 |a 9253001577 
082 0 4 |a 631.3 
245 0 0 |a El cultivo con tracción animal 
260 |a : Organización de las Naciones Unidas para la ...,  |c 1979 
300 |a 58 p. 
505 0 |a Selección y preparación de los campos -- Animales de tiro -- Instrumentos agrícolas de tracción animal -- Beneficios de la tracción animal -- Agricultura mecanizada -- Algunos ejemplos de cultivo con tracción animal 
653 |a Tracción animal 
653 |a Bueyes 
653 |a Asnos 
859 |a CEMS  |b BIB. CEMS - Agricultura  |h 631.3  |i C899  |p A9247.81  |t Ej.1  |v 14  |3 14